Atlas de animales en peligro de extinción /

Guardado en:
Autor Principal: Grass, Xavier; ed.
Formato: Libro
Idioma:Undetermined
Publicado: Bogotá : Zamora, 1993.
Series:Programa Educativo Visual
Materias:
Etiquetas: Agregar Etiqueta
Sin Etiquetas, Sea el primero en etiquetar este registro!
LEADER 01242nam a22002175a 4500
001 CEM.cems020246
008 230704s1993####xx############000#0#und#d
005 20230704190314.0
245 1 0 |a Atlas de animales en peligro de extinción /  |c Editado por Xavier Grass. 
260 |a Bogotá :  |b Zamora,  |c 1993. 
300 |a 98 p. 
490 1 |a Programa Educativo Visual 
500 |a Fotografías del Archivo X. Palaus Soler y Victor Compte (Medi Natural-Generalitat de Catalunya). 
505 0 |a Mamíferos -- Carnívoros -- Cetáceos -- Desdentados -- Marsupiales -- Monotremas -- Pinípedos -- Primates -- Proboscídeos -- Roedores -- Sirenios -- Ungulados artiodáctilos -- Ungulados perisodáctilos -- Aves -- Anseriformes -- Ciconiformes -- Columbiformes -- Charadriformes -- Esfenisciformes -- Falconiformes -- Galliformes -- Gruiformes -- Passeriformes -- Pelecaniformes -- Piciformes -- Podicipediformes -- Sitaciformes -- Trogoniformes -- Anfibios -- Saurios -- Quelonios -- Ofidios 
020 |a 8477149186 
100 1 |a Grass, Xavier; ed. 
653 |a Animales en peligro de extinción 
653 |a Animales-Atlas 
653 |a Fauna-Extinción 
653 |a Animales-Extinción 
859 |a CEMS  |b BIB. CEMS - 11 de abril  |h 574.5  |i G769  |p 29387.22  |t Ej.1